Stati per aspettativa di vita - Europa - Statistics

Statistiche generali
  • Questo quiz è stato fatto 16 volte
  • Il punteggio medio è 9 su 10
Statistiche sulle risposte
Aspettativa di vita alla nascita (anni) Nazione % Corretto
82,32 Francia
100%
82,80 Italia
100%
83,16 Norvegia
100%
83,18 Spagna
100%
83,16 Svezia
100%
83,85 Svizzera
93%
82,75 Lussemburgo
86%
83,12 Islanda
79%
84,40 Liechtenstein
64%
82,86 Malta
64%
Nessun quiz corrispondente trovato
Distribuzione punteggi
Percentuale di utenti per punteggio
Percentile per numero di risposta
I tuoi punteggi nel tempo
Non hai fatto questo quiz